000 00734nam a22002297a 4500
001 48508
003 BD-RjUL
005 20211209054533.0
008 160814s1968 bg ||||| |||| 00| 0 ben d
020 _c: TK 2.50
035 _a(BD-RjUL)48627
040 _aBD-RjUL
_bben
_cBD-RjUL
041 _aben
082 _223
_a891.442
_bFAB 1968
100 _aফররুখশিয়র
_9146640
245 1 0 _aব্ল্যাক মার্কেট /
_cফররুখশিয়র
260 _aঢাকা :
_bবুকভিলা,
_c১৯৬৮
300 _a১১২ পৃ. ;
_c১৭ সেমি.
650 _aবাংলা নাটক
_9146641
650 _aBengali Drama
_9146642
942 _2ddc
_cBK
999 _c48508
_d48508